000 00846nas a2200265 4500
001 BR0205713
003 BR-BrBNA
005 20231205103412.0
007 ta
008 230509b bl.|||p| |||| 00| 00por d
040 _aBR-BrBNA
_bpor
_cBiblioteca Nacional de Agricultura
041 _a(Pt)
072 _aL70
100 1 _aValadão, C.A.A.
100 1 _aMazzei, S.
100 1 _aOleskovicz, N.
245 1 _aInjeção epidural de morfina ou cetamina em cães: Avaliação do efeito analgésico pelo emprego de filamentos de von Frey
650 _aCÃO
650 _aINJEÇÃO
650 _aCIRURGIA
650 _aMÉTODO
773 0 _tArquivo Brasileiro de Medicina Veterinária e Zootecnia (Brazil)
_xISSN 0102-0935
_g(Aug 2002), v. 54(4) p. 383-389
_wBR0205713
909 _a202311
_bLúcia
_c55
_dLúcia Elande
942 _2AGRIS
_n0
_cANA
999 _c172671
_d172671